| 000 | 01724cam a2200253 4500 | ||
|---|---|---|---|
| 001 | ABS67769 | ||
| 008 | 040420n2004 000 0 eng u | ||
| 035 | _a(Sirsi) u125887 | ||
| 100 | _aMitchell, H. | ||
| 245 | _aOpening Pandora's box - the Method of Measurement for Highway Works (MMHW): Part 2 - relationships | ||
| 260 | _c2004 | ||
| 490 |
_aCivil Engineering Surveyor _v April 2004, 33-35(3) |
||
| 520 | _aConsiders the relationship between MMHW and contract documents for highway works. Cites specifically the "ICE conditions of contract", which is being dropped by the Highways Agency (HA) in favour of their design and build conditions for all major improvement schemes. The HA uses the "Engineering and Construction Contract" for nearly all other works. The "Specification for Highway Works", contained in the "Manual of contract documents for highway works", is intended to be used on all highway contracts. Draws together the relationship between the conditions of contract, the specification, notes for guidance, the drawings and bills of quantities. Concludes that each of the contract documents has a different role to play, so it is vital that the content of each of the documents is restricted to only the information it is required to contain. Overlap and duplication of content between the various documents must be avoided if clear and unambiguous contract documents are to be achieved. Flowcharts. | ||
| 590 | _aABS | ||
| 590 | _aABS | ||
| 650 | _aMETHODS OF MEASUREMENT | ||
| 650 | _aCIVIL ENGINEERING | ||
| 650 | _aMMHW | ||
| 650 | _aHIGHWAY ENGINEERING | ||
| 650 | _aICE CONDITIONS OF CONTRACT | ||
| 650 | _aCONTRACT DOCUMENTS | ||
| 690 |
_aQUANTITY SURVEYING _96263 |
||
| 942 | _n0 | ||
| 999 |
_c117218 _d117218 |
||